Selected poem with prelude (Record no. 4590)

MARC details
000 -LEADER
fixed length control field 00403cam a2200157ua 4500
008 - FIXED-LENGTH DATA ELEMENTS--GENERAL INFORMATION
fixed length control field 120901n ii |||gr||||Z||||||eng
040 ## - CATALOGING SOURCE
Transcribing agency MAIN
100 ## - MAIN ENTRY--PERSONAL NAME
Personal name Wordsworth,
Relator term
245 10 - TITLE STATEMENT
Title Selected poem with prelude
Statement of responsibility, etc. by Ravendra Prakash
250 ## - EDITION STATEMENT
Edition statement 1st.
260 ## - PUBLICATION, DISTRIBUTION, ETC.
Place of publication, distribution, etc. Agra:
Name of publisher, distributor, etc. Lakshmi Narain agarwal.
300 ## - PHYSICAL DESCRIPTION
Extent 495p:
Dimensions 15cm.
700 1# - ADDED ENTRY--PERSONAL NAME
Personal name Prakash, Ravendra,
Relator term
942 ## - ADDED ENTRY ELEMENTS (KOHA)
Koha item type Books
Holdings
Withdrawn status Lost status Damaged status Not for loan Home library Current library Shelving location Date acquired Total Checkouts Full call number Barcode Date last seen Copy number Price effective from Koha item type
        Naharkatiya College Library Naharkatiya College Library General Stacks 19/09/2020   821 | WOR 5847 19/09/2020 1 19/09/2020 Books

Naharkatiya College © 2020. All rights reserved.

Powered By